000 00801nam a2200241 i 4500
001 bg
245 0 0 _aEkonomika przedsiębiorstw - zagadnienia wybrane :
_bpraca zbiorowa /
_cpod red. Leszka J. Pawłowicza.
250 _aWyd. 2 zm.
260 _aGdańsk :
_bOśrodek Doradztwa i Doskonalenia Kadr,
_c2005.
300 _a490 s. :
_bwykr. ;
_c24 cm.
504 _aBibliogr. przy rozdz.
650 9 _aPrzedsiębiorstwo
_xekonomika
655 _aPodręczniki akademickie
700 1 _aPAWŁOWICZ, Leszek J.
020 _a8374261390
040 _cBPK
041 0 _apol
080 _a658.1/.5.003(075.8)
920 _a83-7426-139-0
942 _cKS
008 s pl f |000 0 pol
999 _c46248
_d46248
856 _uhttp://koha.tu.koszalin.pl/cgi-bin/koha/opac-detail.pl?biblionumber=46248
_yKatalog online BPK